| 000 | 00696nam a2200217 i 4500 | ||
|---|---|---|---|
| 001 | 181082 | ||
| 003 | ES-MaACL | ||
| 005 | 20250814063257.0 | ||
| 008 | 121016s2011 sp | |||||||| | spa d | ||
| 020 | _a978-84-9950-055-3 | ||
| 080 | _a821.134.2-31"19" | ||
| 100 | 1 |
_aPaniagua Tébar, José Luis, _d1943- _9151625 |
|
| 245 | 1 | 3 |
_aLa casa de los cristales : _b(novela) / _cJosé Luis Paniagua Tébar. |
| 260 |
_aMadrid : _bEdiciones Librería Argentina, _cD.L. 2011. |
||
| 300 |
_a329 p. ; _c24 cm. |
||
| 490 | 1 | _aNovela | |
| 830 | 0 |
_aNovela _9179893 |
|
| 852 |
_aES-MaACL _jA-12295 _9187965 _bR.148279 _cDEPO1 _dOlim: N-5300 |
||
| 942 |
_2udc _cMONOGRAFIA |
||
| 999 |
_c181082 _d181082 |
||